000
00322nam a2200109Ia 4500
008
171211s9999 xx 000 0 und d
245
4
_a
The Complete Denture: A Clinical Pathway, 2 Edition
245
_c
Michael I. MacEntee
260
_c
2014
650
_x
HEALTH
856
_u
http://down.ebook777.com/014/978-0867153507.pdf
999
_c
348408
_d
348408